000
00290nam a2200109Ia 4500
008
200302s9999 xx 000 0 und d
100
_a
Antoine Picon
245
_a
Digital culture in architecture an the design professions
260
_b
Birkhauser Verlag Gmbh
260
_c
2010
300
_a
223
999
_c
6215
_d
6215